01318nam a2200349 a 4500001001100000003000800011006001900019007001500038008004100053010001700094020002000111020002000131040002100151035002100172050002200193082002100215100002200236245007600258260004400334300001100378490003000389504006400419533015200483650002400635650002700659650003400686655002900720700002800749710001700777830004900794856012500843ebr5003751CaPaEBRm u cr cn|||||||||910408s1991 enk sb 001 0deng  z 91016744  z0415054672 (HB) z0415054680 (PB) aCaPaEBRcCaPaEBR a(OCoLC)19194561714aP92.E9bT8 1991eb04a302.23/092242201 aTunstall, Jeremy.10aMedia mogulsh[electronic resource] /cJeremy Tunstall, Michael Palmer. aLondon ;aNew York :bRoutledge,c1991. a258 p.1 aCommunication and society aIncludes bibliographical references (p. 223-243) and index. aElectronic reproduction.bPalo Alto, Calif. :cebrary,d2013.nAvailable via World Wide Web.nAccess may be limited to ebrary affiliated libraries. 0aMass mediazEurope. 0aMass mediavBiography. 0aCommunication, International. 7aElectronic books.2local1 aPalmer, Michael,d1946-2 aebrary, Inc. 0aCommunication and society (Routledge (Firm))40uhttp://site.ebrary.com/lib/rucke/Doc?id=5003751zAn electronic book accessible through the World Wide Web; click to view